000 00893cam a2200301 i 4500
001 871544
003 OSt
005 20180116183022.0
008 790726s1976 enk b 000 1 eng
010 _a 79313925
015 _aGB76-07637
020 _a0002215497 :
_c£3.95
040 _aDLC
_cDLC
_dDLC
050 0 0 _aPZ3.L215
_bPr 1976
_aPS3523.A465
082 0 0 _a813.54 MUR 1976
100 1 _aLa Mure, Pierre.
245 1 4 _aThe private life of Mona Lisa
_c[by] Pierre La Mure.
260 _aLondon
_bCollins,
_c1976.
300 _a411 p. ;
_c22 cm.
440 _aThe private life of Mona Lisa
504 _aBibliography: p. 407-411.
600 1 0 _aDel Giocondo, Lisa,
_d1479-
_xFiction.
650 0 _aArtists' models
_xFiction.
651 0 _aItaly
_xFiction.
655 7 _aBiographical fiction.
_2gsafd
906 _a7
_bcbc
_corignew
_d3
_encip
_f19
_gy-gencatlg
942 _2ddc
_cBK
999 _c350641
_d350641